[Event "TUR-chT"]
[Site "Ankara"]
[Date "2018.08.03"]
[Round "10.4"]
[White "Kaya, Onur"]
[Black "Uzumcu, Ahmet Utku"]
[Result "0-1"]
[WhiteElo "1692"]
[BlackElo "2261"]
[PlyCount "82"]
[EventDate "2018.07.25"]
[EventType "team-tourn"]
[EventRounds "13"]
[EventCountry "TUR"]
[SourceTitle "CBM 185 Extra"]
[Source "ChessBase"]
[SourceDate "2018.07.29"]
[SourceVersion "1"]
[SourceVersionDate "2018.07.29"]
[SourceQuality "1"]
[WhiteTeam "Genc Akademisyenler"]
[BlackTeam "Hatay Buyuksehir"]
[WhiteTeamCountry "TUR"]
[BlackTeamCountry "TUR"]

1. d4 Nf6 2. Nf3 g6 3. Bg5 Bg7 4. Nbd2 d5 5. e3 0-0 6. Bd3 c5 7. c3 b6 8. 0-0 Bb7 9. Qc2 Nc6 10. Rad1 Rc8 11. Qb1 cxd4 12. exd4 h6 13. Bxf6 Bxf6 14. Rfe1 Qc7 15. Re3 Bg7 16. h4 e6 17. h5 g5 18. Nf1 Rce8 19. Rde1 a6 20. Qd1 Bc8 21. Bb1 f5 22. Qd3 Qf7 23. g4 Ne7 24. Ng3 Bh8 25. gxf5 Nxf5 26. Nxf5 exf5 27. Ne5 Bxe5 28. dxe5 Qxh5 29. Qxd5+ Be6 30. Qg2 f4 31. Rd3 g4 32. Qh2 Qg5 33. b3 h5 34. Rd4 h4 35. Red1 g3 36. fxg3 fxg3 37. Qxh4 Qe3+ 38. Kh1 Qf3+ 39. Kg1 Qf2+ 40. Kh1 g2+ 41. Kh2 g1Q# 0-1

[Event "Izmir op 16th"]
[Site "Izmir"]
[Date "2017.09.08"]
[Round "6"]
[White "Kaya, Onur"]
[Black "Bilyap, Enis"]
[Result "0-1"]
[WhiteElo "1657"]
[BlackElo "1999"]
[PlyCount "106"]
[EventDate "2017.09.05"]
[EventType "swiss"]
[EventRounds "9"]
[EventCountry "TUR"]
[SourceTitle "CBM 180 Extra"]
[Source "ChessBase"]
[SourceDate "2017.10.06"]
[SourceVersion "1"]
[SourceVersionDate "2017.10.06"]
[SourceQuality "1"]

1. e4 d6 2. d4 Nf6 3. Nc3 c6 4. f4 Qa5 5. Bd3 e5 6. Nf3 exd4 7. Nxd4 g6 8. Nb3 Qb6 9. Qe2 Bg4 10. Qf2 Qxf2+ 11. Kxf2 Nbd7 12. Re1 0-0-0 13. f5 gxf5 14. exf5 Ne5 15. Bg5 Bg7 16. Kg1 Rde8 17. Bxf6 Bxf6 18. Ne4 Be7 19. f6 Bf8 20. Ng3 Kd7 21. Bf5+ Bxf5 22. Nxf5 Rg8 23. Ng3 Rg6 24. Rf1 Ng4 25. Rf4 Bh6 26. Ra4 Be3+ 27. Kh1 Nf2+ 28. Kg1 Ne4+ 29. Kh1 Nxg3+ 30. hxg3 Rxg3 31. Rh4 h6 32. Re1 Re6 33. Rb4 b6 34. Ra4 b5 35. Rb4 Rxf6 36. Re4 Re6 37. Rxe6 fxe6 38. Rf1 Ke7 39. Na5 Rg5 40. Kh2 Rc5 41. c3 Rh5+ 42. Kg3 Rg5+ 43. Kh3 e5 44. Nxc6+ Ke6 45. Rf3 Bb6 46. Nb4 e4 47. Rf8 d5 48. Rh8 h5 49. g3 Bf2 50. Rh6+ Kf7 51. Rd6 Rxg3+ 52. Kh2 Rg5 53. Nxd5 Bg3+ 0-1

[Event "TUR-chT 2nd League"]
[Site "Konya"]
[Date "2017.07.21"]
[Round "7.4"]
[White "Kaya, Onur"]
[Black "Kavri, Yusuf Eren"]
[Result "1-0"]
[WhiteElo "1595"]
[BlackElo "1339"]
[PlyCount "111"]
[EventDate "2017.07.17"]
[EventType "team-swiss"]
[EventRounds "9"]
[EventCountry "TUR"]
[SourceTitle "CBM 179 Extra"]
[Source "ChessBase"]
[SourceDate "2017.08.23"]
[SourceVersion "1"]
[SourceVersionDate "2017.08.23"]
[SourceQuality "1"]
[WhiteTeam "Gaziantep Sader"]
[BlackTeam "Samsun Gercek"]
[WhiteTeamCountry "TUR"]
[BlackTeamCountry "TUR"]

1. e4 e5 2. Nf3 Nc6 3. Bb5 a6 4. Bxc6 dxc6 5. 0-0 Bd6 6. d4 f6 7. dxe5 fxe5 8. Nxe5 Nf6 9. Nf3 Bc5 10. Qxd8+ Kxd8 11. Bg5 h6 12. Rd1+ Ke8 13. Bh4 Rf8 14. Nc3 Be6 15. Bg3 Rc8 16. Be5 Rf7 17. Bd4 Bxd4 18. Nxd4 Ke7 19. Nxe6 Kxe6 20. f3 g5 21. Rd2 Nd7 22. Ne2 c5 23. Rad1 Ne5 24. Rd8 Rxd8 25. Rxd8 Rd7 26. Rxd7 Nxd7 27. Kf2 Ne5 28. b3 Nc6 29. a3 b5 30. Ke3 a5 31. g3 Ne5 32. h3 b4 33. a4 Nd7 34. f4 gxf4+ 35. gxf4 Nb6 36. Ng3 c4 37. Nf5 cxb3 38. cxb3 c5 39. h4 c4 40. Nd4+ Kf6 41. e5+ Kf7 42. f5 cxb3 43. Nxb3 Nxa4 44. Nxa5 Nb6 45. Kd4 Nc8 46. Nc6 b3 47. Kc3 Nb6 48. Kxb3 Nd5 49. Nd4 Ne3 50. Kb4 Ng2 51. Kc5 Nxh4 52. Kd6 Ke8 53. e6 Kd8 54. f6 Ng6 55. f7 h5 56. e7+ 1-0

[Event "TUR-chT2"]
[Site "Konya"]
[Date "2015.07.28"]
[Round "5.6"]
[White "Kaya, Onur"]
[Black "Can, Melih Kaan"]
[Result "0-1"]
[WhiteElo "1696"]
[BlackElo "2001"]
[PlyCount "48"]
[EventDate "2015.07.25"]
[EventType "team-swiss"]
[EventRounds "9"]
[EventCountry "TUR"]
[SourceTitle "CBM 167 Extra"]
[Source "ChessBase"]
[SourceDate "2015.09.14"]
[SourceVersion "1"]
[SourceVersionDate "2015.09.14"]
[SourceQuality "1"]
[WhiteTeam "Gaziantep Sader"]
[BlackTeam "Istanbul Darussafaka"]
[WhiteTeamCountry "TUR"]
[BlackTeamCountry "TUR"]

1. e4 c5 2. Nf3 Nc6 3. d4 cxd4 4. Nxd4 e5 5. Nb5 d6 6. N1c3 a6 7. Na3 b5 8. Nd5 Nce7 9. c4 Nxd5 10. Qxd5 Be6 11. Qd1 Nf6 12. f3 Be7 13. Bd3 0-0 14. 0-0 b4 15. Nc2 Nh5 16. Be3 Bg5 17. Qe1 Bxe3+ 18. Nxe3 Nf4 19. Bc2 Qg5 20. b3 h5 21. Rd1 h4 22. Rxd6 Rfd8 23. Rxd8+ Rxd8 24. Nd5 Qxg2# 0-1